Translation studies in a new perspective /

Bibliographic Details
Main Author: Sorvali, Irma, 1945-
Format: Book
Language:English
Published: Frankfurt am Main ; New York : P. Lang, 1996.
Subjects:

MARC

Tag First Indicator Second Indicator Subfields
LEADER 00000cam a2200000 a 4500
001 in00001336721
005 20151005091424.0
008 960411s1996 gw b 001 0 eng
010 |a  96019259  
020 |a 0820429465 
020 |a 3631494467 
035 |a (OCoLC)34617982 
035 |9 AHE2864AM 
040 |a DLC  |c DLC  |d C#P  |d TXA  |d UtOrBLW 
049 |a TXAM 
050 0 0 |a P306  |b .S63 1996 
082 0 0 |a 418/.02  |2 20 
100 1 |a Sorvali, Irma,  |d 1945- 
245 1 0 |a Translation studies in a new perspective /  |c Irma Sorvali. 
264 1 |a Frankfurt am Main ;  |a New York :  |b P. Lang,  |c 1996. 
300 |a 142 pages :  |b illustrations ;  |c 21 cm. 
336 |a text  |b txt  |2 rdacontent 
337 |a unmediated  |b n  |2 rdamedia 
338 |a volume  |b nc  |2 rdacarrier 
504 |a Includes bibliographical references (pages 129-140) and index. 
650 0 |a Translating and interpreting. 
999 |a MARS 
999 f f |s 448d9dc3-5d31-3950-85b8-6b3b1c8f914b  |i 246814ab-eb2d-37ea-8886-fd62dc2ae741  |t 0 
952 f f |p ric  |a Texas A&M University  |b Rellis Campus  |c Joint Library Facility  |s JLF  |d Remote Storage  |t 0  |e P306 .S63 1996  |h Library of Congress classification  |i unmediated -- volume  |m A14820607112 
998 f f |a P306 .S63 1996  |t 0  |l Remote Storage